000 01479cab a2200277 4500
001 ##L134717
008 060829n2006 000 0 eng u
035 _a(Sirsi) u134717
041 0 _aeng
245 0 0 _aRegulations
260 _c2006
490 0 _aBuilding
_vSupplement 271(8444) 25 August 2006 (54) (LOAN)
520 _aSupplement on the Building Regulations. Covers: the latest changes to the Regulations; "Building's" Reform the Regs campaign; compliance with the Regulations; the latest energy requirements and how they affect five key sectors; how changes to Part L and F could affect the building services profession; common mistakes with understanding the Regulations; fire safety and revisions to Part B; self certification; and an update to the British standard for toilet provision (BS 6465).
590 _aIKA050906, KA
650 2 4 _aBUILDING REGULATIONS 2000
650 2 4 _aBUILDING REGULATIONS 2000 APPROVED DOCUMENT L1A (2006 EDITION)
650 2 4 _aBUILDING REGULATIONS 2000 APPROVED DOCUMENT L2A (2006 EDITION)
650 2 4 _aBUILDING REGULATIONS 2000 APPROVED DOCUMENT L1B (2006 EDITION)
650 2 4 _aBUILDING REGULATIONS 2000 APPROVED DOCUMENT L2B (2006 EDITION)
650 2 4 _aBUILDING REGULATIONS 2000 APPROVED DOCUMENT F (2006 EDITION)
650 2 4 _aBUILDING REGULATIONS 2000 APPROVED DOCUMENT B (2002 EDITION)
650 2 4 _aBS 6465-1: 2006
651 4 _aEngland and Wales
_y1543-
690 _aBuilding regulations
_96224
942 _n0
999 _c77627
_d77627